Berenstains' A book / (Record no. 482)

MARC details
000 -LEADER
fixed length control field 00981cam a2200313 a 4500
005 - DATE AND TIME OF LATEST TRANSACTION
control field 20230428115630.0
020 ## - INTERNATIONAL STANDARD BOOK NUMBER
International Standard Book Number 0679887059 (trade)
020 ## - INTERNATIONAL STANDARD BOOK NUMBER
International Standard Book Number 0679987053 (lib. bdg.)
040 ## - CATALOGING SOURCE
Original cataloging agency DLC
Transcribing agency DLC
Modifying agency DLC
050 00 - LIBRARY OF CONGRESS CALL NUMBER
Classification number PZ7.B4483
Item number Bfwl 1997
082 00 - DEWEY DECIMAL CLASSIFICATION NUMBER
Classification number 411
Edition number 21
100 1# - MAIN ENTRY--PERSONAL NAME
Personal name Berenstain, Stan,
Dates associated with a name 1923-2005.
245 10 - TITLE STATEMENT
Title Berenstains' A book /
Statement of responsibility, etc. Stan & Jan Berenstain.
246 30 - VARYING FORM OF TITLE
Title proper/short title A book
260 ## - PUBLICATION, DISTRIBUTION, ETC.
Place of publication, distribution, etc. New York :
Name of publisher, distributor, etc. Beginner Books,
Date of publication, distribution, etc. 1997.
300 ## - PHYSICAL DESCRIPTION
Extent 15 leaves of plates :
Other physical details color illustrations ;
Dimensions 23 cm.
490 1# - SERIES STATEMENT
Series statement A bright and early book
505 ## - FORMATTED CONTENTS NOTE
Formatted contents note B
520 ## - SUMMARY, ETC.
Summary, etc. An army of angry ants march across and around all sorts of items that begin with the letter "a."
521 ## - TARGET AUDIENCE NOTE
Target audience note 100 <br/>
Source Lexile
521 ## - TARGET AUDIENCE NOTE
Target audience note B
Source Raz-Plus
650 #1 - SUBJECT ADDED ENTRY--TOPICAL TERM
Topical term or geographic name entry element Ants
General subdivision Fiction.
650 #1 - SUBJECT ADDED ENTRY--TOPICAL TERM
Topical term or geographic name entry element Alphabet.
700 1# - ADDED ENTRY--PERSONAL NAME
Personal name Berenstain, Jan,
Dates associated with a name 1923-2012.
906 ## - LOCAL DATA ELEMENT F, LDF (RLIN)
a 7
b cbc
c orignew
d 1
e ocip
f 19
g y-gencatlg
942 ## - ADDED ENTRY ELEMENTS (KOHA)
Source of classification or shelving scheme Dewey Decimal Classification
Koha item type Books
Suppress in OPAC No
999 ## -
-- 482
-- 482
Holdings
Withdrawn status Lost status Source of classification or shelving scheme Damaged status Not for loan Collection Home library Current library Shelving location Date acquired Total Checkouts Full call number Barcode Date last seen Date last checked out Price effective from Koha item type
    Dewey Decimal Classification     Juvenile Fiction Footprints International School Library Network Toul Kork Campus Footprints International School Library Network Toul Kork Campus TK Primary Library Room(4th Floor), Bookcase 7, Shelves 57-60, Dark Green Books 04/28/2023 2 BER 411 PZ7.B4483 FISBK06358 03/12/2026 01/14/2026 04/28/2023 Books